000 00900nas a2200289 4500
001 BR2012002796
003 BR-BrBNA
005 20231205120438.0
007 ta
008 230509b bl.|||p| |||| 00| 00por d
040 _aBR-BrBNA
_bpor
_cBiblioteca Nacional de Agricultura
041 _a(Pt)
072 _aE70
100 1 _aRibeiro, E.S.
100 1 _aSousa, R.A.T. de M. e
100 1 _aSouza, M.. de
100 1 _aDorval, A.
100 1 _aCosta, R.B. da
245 1 _aComercialização de madeira de florestas naturais no estado de Mato Grosso no período de 2004-2009
650 _aMADEIRA SERRADA
650 _aESPÉCIE NATIVA
650 _aCOMERCIALIZAÇÃO
650 _aPOLÍTICA FLORESTAL
773 0 _tFloresta e Ambiente (Brazil)
_xISSN 1415-0980
_g(Oct-Dec 2011), v. 18(4) p. 365-375
_wBR2012002796
909 _a202311
_bLúcia
_c55
_dLúcia Elande
942 _2AGRIS
_n0
_cANA
999 _c218531
_d218531